000 00355nam a22001217a 4500
999 _c12886
_d12886
008 211223b ||||| |||| 00| 0 eng d
110 _95164
_aAll India Council for Technical Education
245 1 0 _aAICTE: all India directory of appeared institutions
260 _aNew Delhi,
_bAICTE:
_c1996.
300 _ax
650 0 _aTechnical Education
942 _cBK